[Event "Open A"]
[Site "Cortina d'Ampezzo"]
[Date "2005.07.17"]
[Round "9.11"]
[White "Scerbo, Antonio"]
[Black "Napoli, Nicolo"]
[Result "1/2-1/2"]
[WhiteElo "2113"]
[BlackElo "2225"]
[PlyCount "20"]
[EventDate "2005.07.10"]
[EventType "swiss"]
[EventRounds "9"]
[EventCountry "ITA"]

1. d4 d5 2. c4 Nc6 3. Nf3 Bg4 4. e3 e6 5. Qb3 Qd7 6. cxd5 Qxd5 7. Qxd5 exd5 8. Bb5 Bd7 9. Nc3 Nf6 10. Ne5 Bb4 1/2-1/2

[Event "Open A"]
[Site "Cortina d'Ampezzo"]
[Date "2005.07.17"]
[Round "9.12"]
[White "Maneschi, Giuseppe"]
[Black "Satta, Vladimiro"]
[Result "0-1"]
[WhiteElo "2086"]
[BlackElo "2223"]
[PlyCount "74"]
[EventDate "2005.07.10"]
[EventType "swiss"]
[EventRounds "9"]
[EventCountry "ITA"]

1. Nf3 d6 2. d4 g6 3. e4 Bg7 4. Nc3 a6 5. Be3 b5 6. Bd3 Nd7 7. Qd2 Bb7 8. a3 c5 9. O-O Rc8 10. Rfe1 cxd4 11. Nxd4 Ngf6 12. Bh6 Bxh6 13. Qxh6 Qb6 14. Nb3 Qxf2+ 15. Kh1 Ng4 16. Qg5 Nde5 17. Re2 h6 18. Qd2 Qh4 19. g3 Qh3 20. Rg2 Nf3 21. Qe2 Nge5 22. Rf1 Ng5 23. Nd5 f5 24. Na5 Ba8 25. Nb6 fxe4 26. Nxa8 exd3 27. cxd3 Rxa8 28. d4 Nef7 29. Nc6 Qe6 30. h4 Ne4 31. Qf3 d5 32. Ne5 O-O 33. Qe3 Nxe5 34. Rxf8+ Rxf8 35. dxe5 Qxe5 36. Qxh6 Nxg3+ 37. Kg1 Rf1+ 0-1

[Event "Open A"]
[Site "Cortina d'Ampezzo"]
[Date "2005.07.17"]
[Round "9.10"]
[White "Lava, Giovanni"]
[Black "Alberton, Roberto"]
[Result "1/2-1/2"]
[WhiteElo "2257"]
[BlackElo "2108"]
[PlyCount "58"]
[EventDate "2005.07.10"]
[EventType "swiss"]
[EventRounds "9"]
[EventCountry "ITA"]

1. d4 Nf6 2. g3 g6 3. Bg2 Bg7 4. Nf3 O-O 5. O-O d6 6. c4 Nbd7 7. Nc3 e5 8. e4 c6 9. h3 Re8 10. Be3 exd4 11. Nxd4 Nc5 12. Qc2 a5 13. Rad1 Qc7 14. b3 h5 15. a3 Ne6 16. Nde2 Nh7 17. Qd2 Bf8 18. f4 f5 19. exf5 gxf5 20. Na4 Nc5 21. Nxc5 dxc5 22. Rfe1 Nf6 23. Nc3 Be6 24. Qf2 b6 25. Qf3 Rac8 26. Bc1 Bf7 27. Rxe8 Bxe8 28. Qd3 Bg6 29. Bf3 Kf7 1/2-1/2

[Event "Open A"]
[Site "Cortina d'Ampezzo"]
[Date "2005.07.17"]
[Round "9.13"]
[White "Ventura, Sergio"]
[Black "Melotti, Dario Valerio"]
[Result "0-1"]
[WhiteElo "2153"]
[BlackElo "2093"]
[PlyCount "96"]
[EventDate "2005.07.10"]
[EventType "swiss"]
[EventRounds "9"]
[EventCountry "ITA"]

1. c4 e5 2. Nc3 g6 3. g3 Bg7 4. Bg2 d6 5. d3 Nc6 6. Rb1 a5 7. a3 Be6 8. b4 axb4 9. axb4 Qc8 10. b5 Nce7 11. Bb2 Nh6 12. Ra1 O-O 13. Rxa8 Qxa8 14. Nf3 Qc8 15. Ng5 Bd7 16. Qb3 Nhf5 17. Nf3 Nd4 18. Nxd4 exd4 19. Ne4 Bh3 20. O-O Bxg2 21. Kxg2 Qe6 22. Ra1 b6 23. Qd1 h6 24. Ra6 Nf5 25. Qb3 Rd8 26. Qa2 Kh7 27. Ra8 Rd7 28. Qa6 d5 29. Qc8 Ne7 30. cxd5 Qxd5 31. Qe8 f5 32. Ba3 fxe4 33. dxe4 Qxe4+ 34. Kg1 Qb1+ 35. Kg2 Qxb5 36. Bxe7 Qd5+ 37. Kg1 Qe6 38. Bb4 Qxe8 39. Rxe8 c5 40. Bd2 c4 41. Rb8 c3 42. Bc1 Ra7 43. Kg2 g5 44. h4 Ra1 45. hxg5 Rxc1 46. gxh6 Bxh6 47. Rxb6 Re1 48. f4 c2 0-1

[Event "Open A"]
[Site "Cortina d'Ampezzo"]
[Date "2005.07.16"]
[Round "8.14"]
[White "Gardi, Giuseppe"]
[Black "Marta, Daniele"]
[Result "1/2-1/2"]
[WhiteElo "2099"]
[BlackElo "2024"]
[Annotator "Ballarin,Gabriele"]
[PlyCount "22"]
[EventDate "2005.07.10"]
[EventType "swiss"]
[EventRounds "9"]
[EventCountry "ITA"]

1. d4 Nf6 2. Nf3 e6 3. e3 c5 4. Bd3 b6 5. O-O Be7 6. b3 d5 7. Bb2 Ba6 8. Bxa6 Nxa6 9. Qe2 Nc7 10. Nbd2 O-O 11. Ne5 cxd4 {=} 1/2-1/2

[Event "Open A"]
[Site "Cortina d'Ampezzo"]
[Date "2005.07.16"]
[Round "8.9"]
[White "Vezzosi, Paolo"]
[Black "Napoli, Nicolo"]
[Result "1-0"]
[WhiteElo "2380"]
[BlackElo "2225"]
[PlyCount "54"]
[EventDate "2005.07.10"]
[EventType "swiss"]
[EventRounds "9"]
[EventCountry "ITA"]

1. d4 d5 2. Nf3 Bg4 3. Ne5 Bf5 4. g3 f6 5. Nf3 c5 6. Bg2 Nc6 7. O-O Qd7 8. c3 Bh3 9. dxc5 Bxg2 10. Kxg2 e5 11. b4 h5 12. h4 Nh6 13. Bxh6 Rxh6 14. Nbd2 Ne7 15. e4 O-O-O 16. Qe2 Qg4 17. Rh1 g5 18. Kf1 Bg7 19. b5 gxh4 20. Rxh4 Qe6 21. c6 bxc6 22. bxc6 Qxc6 23. exd5 Rxd5 24. Rc4 Rc5 25. Rxc5 Qxc5 26. Qa6+ Kd8 27. Ne4 f5 1-0

[Event "Open A"]
[Site "Cortina d'Ampezzo"]
[Date "2005.07.16"]
[Round "8.7"]
[White "Dragojlovic, Andjelko"]
[Black "Popa, Claudio"]
[Result "1/2-1/2"]
[WhiteElo "2320"]
[BlackElo "2183"]
[PlyCount "91"]
[EventDate "2005.07.10"]
[EventType "swiss"]
[EventRounds "9"]
[EventCountry "ITA"]

1. e4 e5 2. Nc3 Nf6 3. g3 g6 4. Bg2 Bg7 5. Nge2 d6 6. d3 Nc6 7. O-O O-O 8. f4 exf4 9. gxf4 Nh5 10. d4 Bg4 11. Be3 Qd7 12. f5 gxf5 13. d5 Ne7 14. Bd4 Be5 15. Bxe5 dxe5 16. exf5 Nxf5 17. Qd2 Nfg7 18. Rf2 Rae8 19. Qe3 f5 20. h3 Bxe2 21. Nxe2 e4 22. c4 Qd6 23. Raf1 b6 24. a3 a5 25. h4 Qg6 26. b4 axb4 27. axb4 Qg4 28. c5 bxc5 29. bxc5 Rf6 30. d6 cxd6 31. c6 d5 32. Nf4 Nxf4 33. Rxf4 Qg6 34. c7 Rc6 35. h5 Qg5 36. Rc1 Rxc1+ 37. Qxc1 Rc8 38. Qc5 Qxf4 39. Qxd5+ Kf8 40. Qd8+ Ne8 41. Qxc8 Qc1+ 42. Bf1 Qe3+ 43. Kh1 Qf3+ 44. Kg1 Qe3+ 45. Kh1 Qf3+ 46. Kg1 1/2-1/2

[Event "Open A"]
[Site "Cortina d'Ampezzo"]
[Date "2005.07.16"]
[Round "8.6"]
[White "Dvirnyy, Danyyil"]
[Black "Mrdja, Milan"]
[Result "1/2-1/2"]
[WhiteElo "2141"]
[BlackElo "2352"]
[Annotator "Ballarin,Gabriele"]
[PlyCount "156"]
[EventDate "2005.07.10"]
[EventType "swiss"]
[EventRounds "9"]
[EventCountry "ITA"]

1. e4 c5 2. Nf3 d6 3. d4 cxd4 4. Qxd4 Nc6 5. Bb5 Qd7 6. Bxc6 bxc6 7. c4 e5 8. Qd3 Qc7 9. Nc3 Nf6 10. O-O Nd7 11. Be3 Be7 12. b4 O-O 13. Rfc1 Bb7 14. b5 c5 15. Nd5 Bxd5 16. Qxd5 h6 17. h3 {=} Nf6 18. Qd3 Qb7 19. Nd2 Nh5 20. a4 Bg5 21. Rd1 Rad8 22. Nb1 Nf4 23. Bxf4 exf4 24. Nc3 Bf6 25. Ra3 Bxc3 26. Rxc3 Rfe8 27. Qd5 Qc7 28. Rcd3 Qa5 29. Qc6 Rc8 30. Qxd6 Rxe4 31. Qa6 Qxa6 32. bxa6 Rxc4 33. Rd7 Rxa4 34. Rxa7 Rc6 35. Rd8+ Kh7 36. Rxf7 Rcxa6 37. Rdf8 {=} Rc6 38. Rd7 Re4 39. Rff7 Rg6 40. Rc7 Kg8 41. Rf5 c4 42. Rc8+ Kh7 43. Rc7 Rd4 44. Kh2 Rg5 45. Rf8 h5 46. Rcc8 Rgd5 47. Rc6 Rd6 48. Rc5 R6d5 49. Rc6 Re4 50. Rfc8 Rdd4 51. Rc5 h4 52. Rh5+ Kg6 53. Rxh4 f3 54. Rc6+ Kg5 55. Rc5+ Kf6 (55... Kxh4 56. g3#) 56. g4 Ke6 57. Rh8 Rd5 58. Rc7 Re2 59. Kg3 Rdd2 60. Rxc4 Rxf2 61. Rc3 Rf1 62. Rxf3 Rxf3+ 63. Kxf3 Kf7 64. h4 Rd4 65. Ra8 Kg6 66. Ra6+ Kh7 67. Ra5 Rb4 68. Kg3 g6 69. Ra7+ Kg8 70. Re7 Kf8 71. Re3 Kg7 72. Rf3 Rc4 73. g5 Rb4 74. Ra3 Rc4 75. Ra7+ Kg8 76. Re7 Kf8 77. Re3 Kg7 78. Rf3 Rb4 1/2-1/2

[Event "Open A"]
[Site "Cortina d'Ampezzo"]
[Date "2005.07.16"]
[Round "8.3"]
[White "Braghetta, Sergio"]
[Black "Qendro, Llambi"]
[Result "0-1"]
[WhiteElo "2264"]
[BlackElo "2357"]
[PlyCount "44"]
[EventDate "2005.07.10"]
[EventType "swiss"]
[EventRounds "9"]
[EventCountry "ITA"]

1. e4 g6 2. d4 Bg7 3. Nc3 c6 4. Bc4 d6 5. Qf3 e6 6. Nge2 Nd7 7. Bb3 Qe7 8. Be3 Ngf6 9. g4 e5 10. g5 Nh5 11. O-O-O exd4 12. Nxd4 Ne5 13. Qe2 Ng4 14. f4 Nxe3 15. Qxe3 O-O 16. Qf3 Bxd4 17. Rxd4 Be6 18. h4 Bxb3 19. axb3 f6 20. f5 fxg5 21. Rg1 Ng7 22. Rxg5 Ne6 0-1

[Event "Open A"]
[Site "Cortina d'Ampezzo"]
[Date "2005.07.16"]
[Round "8.4"]
[White "Genocchio, Daniele"]
[Black "Mazzilli, Piero"]
[Result "0-1"]
[WhiteElo "2306"]
[BlackElo "2341"]
[Annotator "Ballarin,Gabriele"]
[PlyCount "42"]
[EventDate "2005.07.10"]
[EventType "swiss"]
[EventRounds "9"]
[EventCountry "ITA"]

1. d3 d5 2. g3 g6 3. Bg2 Bg7 4. Nc3 c6 5. e4 dxe4 6. dxe4 Qxd1+ 7. Nxd1 e5 8. Nf3 Nd7 9. Ne3 Ngf6 10. Nd2 b5 11. a4 Bb7 12. Nb3 Bf8 13. Bd2 a6 14. Na5 O-O-O 15. Nxb7 Kxb7 16. axb5 axb5 17. b4 Nb6 18. Ke2 Ne8 19. h4 Be7 20. c4 bxc4 21. Rhc1 Nd6 {Nur} 0-1

[Event "Open A"]
[Site "Cortina d'Ampezzo"]
[Date "2005.07.16"]
[Round "8.8"]
[White "Molina, Fabrizio"]
[Black "Scerbo, Antonio"]
[Result "1-0"]
[WhiteElo "2268"]
[BlackElo "2113"]
[PlyCount "43"]
[EventDate "2005.07.10"]
[EventType "swiss"]
[EventRounds "9"]
[EventCountry "ITA"]

1. c4 Nf6 2. g3 g6 3. Bg2 Bg7 4. Nc3 O-O 5. d3 d6 6. Rb1 a5 7. a3 Nc6 8. Nf3 e5 9. O-O Bf5 10. Nh4 Be6 11. Nd5 Bxd5 12. cxd5 Ne7 13. Qb3 Qd7 14. Bd2 c5 15. dxc6 bxc6 16. Qa4 Nfd5 17. Rfc1 Rfc8 18. Nf3 Nb6 19. Qb3 Rcb8 20. Qa2 a4 21. Ng5 Nf5 22. Bxc6 1-0

[Event "Open A"]
[Site "Cortina d'Ampezzo"]
[Date "2005.07.16"]
[Round "8.5"]
[White "Estremera Panos, Sergio"]
[Black "Guido, Flavio"]
[Result "1-0"]
[WhiteElo "2367"]
[BlackElo "2305"]
[PlyCount "63"]
[EventDate "2005.07.10"]
[EventType "swiss"]
[EventRounds "9"]
[EventCountry "ITA"]

1. d4 Nf6 2. c4 e6 3. Nf3 b6 4. g3 Ba6 5. b3 Bb4+ 6. Bd2 Be7 7. Nc3 O-O 8. Rc1 d5 9. cxd5 Nxd5 10. Nxd5 exd5 11. Bh3 Re8 12. Rc2 c5 13. O-O Bf6 14. Be3 Nc6 15. Re1 Nb4 16. Rb2 Qe7 17. a3 Nc6 18. b4 Bc4 19. Qd2 a5 20. bxc5 bxc5 21. a4 h6 22. Rb6 Nxd4 23. Nxd4 cxd4 24. Bxd4 Bxd4 25. Qxd4 Qa3 26. Bg2 Rxe2 27. Reb1 Rae8 28. h4 Qa2 29. Rb7 Rd2 30. Qf4 d4 31. Rb8 Kh7 32. Be4+ 1-0

[Event "Open A"]
[Site "Cortina d'Ampezzo"]
[Date "2005.07.15"]
[Round "7.2"]
[White "Godena, Michele"]
[Black "Cacco, Christian"]
[Result "1/2-1/2"]
[WhiteElo "2522"]
[BlackElo "2348"]
[PlyCount "61"]
[EventDate "2005.07.10"]
[EventType "swiss"]
[EventRounds "9"]
[EventCountry "ITA"]

1. e4 g6 2. d4 Bg7 3. Nf3 d6 4. Bc4 Nf6 5. Nbd2 O-O 6. c3 c6 7. Bb3 a5 8. O-O Na6 9. Re1 Nc7 10. Nf1 Be6 11. Bc2 b5 12. Bg5 Nd7 13. Ne3 Nb6 14. Nf5 Bf6 15. Nh6+ Kh8 16. Bf4 Bg7 17. Ng5 Bc4 18. Nf3 Be6 19. Ng5 Bc4 20. Nf5 Ne6 21. Bc1 gxf5 22. Nxh7 Kxh7 23. exf5 Rh8 24. Qg4 Kg8 25. fxe6 fxe6 26. Re3 Nd7 27. Rg3 Qf8 28. b3 Nf6 29. Qg6 Bd5 30. Bh6 Ne8 31. c4 1/2-1/2

[Event "Open A"]
[Site "Cortina d'Ampezzo"]
[Date "2005.07.13"]
[Round "5.1"]
[White "Mazzilli, Piero"]
[Black "Godena, Michele"]
[Result "1/2-1/2"]
[WhiteElo "2341"]
[BlackElo "2522"]
[Annotator "Ballarin,Gabriele"]
[PlyCount "35"]
[EventDate "2005.07.10"]
[EventType "swiss"]
[EventRounds "9"]
[EventCountry "ITA"]

1. d4 Nf6 2. c4 e6 3. Nc3 d5 4. cxd5 exd5 5. Bg5 c6 6. Qc2 Na6 7. a3 Be7 8. e3 Nc7 9. Bd3 g6 10. Nf3 Ne6 11. Bh4 Ng7 12. O-O O-O 13. b4 a6 14. Rfb1 Bf5 15. a4 Bxd3 16. Qxd3 Nf5 17. Bg3 Nxg3 18. hxg3 {=} 1/2-1/2

[Event "Open A"]
[Site "Cortina d'Ampezzo"]
[Date "2005.07.13"]
[Round "5.2"]
[White "Drazic, Sinisa"]
[Black "Efimov, Igor"]
[Result "0-1"]
[WhiteElo "2497"]
[BlackElo "2401"]
[PlyCount "90"]
[EventDate "2005.07.10"]
[EventType "swiss"]
[EventRounds "9"]
[EventCountry "ITA"]

1. d4 d5 2. Bg5 h6 3. Bh4 c6 4. e3 Qb6 5. b3 e5 6. Nf3 e4 7. Nfd2 Ne7 8. f3 exf3 9. Qxf3 Ng6 10. Bg3 Be7 11. Bd3 O-O 12. O-O Nd7 13. Nc3 Nf6 14. h3 Qa5 15. Ndb1 b5 16. Ne2 Bd7 17. Nbc3 Rae8 18. a3 Nh7 19. Kh1 Qd8 20. e4 Ng5 21. Qh5 dxe4 22. Nxe4 Nxe4 23. Bxe4 Bf6 24. Bd3 Re3 25. Rf3 Rxf3 26. Qxf3 Re8 27. a4 a5 28. Rf1 Qe7 29. Qh5 Bg5 30. d5 bxa4 31. d6 Qe3 32. bxa4 Be6 33. h4 Bf6 34. Rxf6 gxf6 35. Bxg6 Bc4 36. Bd3 Bxd3 37. cxd3 Qxd3 38. Qg4+ Kh8 39. Nf4 Qd2 40. Qh5 Kg7 41. Qf5 Qd1+ 42. Kh2 Re5 43. Nh5+ Qxh5 44. Qxe5 fxe5 45. d7 Qd1 0-1

[Event "Open A"]
[Site "Cortina d'Ampezzo"]
[Date "2005.07.13"]
[Round "5.6"]
[White "Lava, Giovanni"]
[Black "Dragojlovic, Andjelko"]
[Result "1/2-1/2"]
[WhiteElo "2257"]
[BlackElo "2320"]
[PlyCount "30"]
[EventDate "2005.07.10"]
[EventType "swiss"]
[EventRounds "9"]
[EventCountry "ITA"]

1. d4 Nf6 2. Nf3 g6 3. g3 Bg7 4. Bg2 O-O 5. O-O d5 6. c4 c6 7. cxd5 cxd5 8. Ne5 e6 9. Nc3 Nfd7 10. f4 Nc6 11. Be3 Nb6 12. Bf2 f5 13. Rc1 Bd7 14. e3 Qe7 15. g4 Rac8 1/2-1/2

[Event "Open A"]
[Site "Cortina d'Ampezzo"]
[Date "2005.07.13"]
[Round "5.7"]
[White "Guido, Flavio"]
[Black "Napoli, Nicolo"]
[Result "1-0"]
[WhiteElo "2305"]
[BlackElo "2225"]
[PlyCount "83"]
[EventDate "2005.07.10"]
[EventType "swiss"]
[EventRounds "9"]
[EventCountry "ITA"]

1. e4 g6 2. d4 Bg7 3. Nc3 c6 4. Bf4 d6 5. Nf3 Bg4 6. Be2 Qb6 7. Na4 Qa5+ 8. Nc3 Bxf3 9. Bxf3 Qb4 10. Be3 Qxb2 11. Ne2 Qb6 12. O-O Qc7 13. a4 Nd7 14. a5 Ngf6 15. Qd2 O-O 16. g4 e5 17. g5 exd4 18. Bxd4 Ne8 19. Bg2 Nc5 20. f4 Qe7 21. Ng3 h5 22. Rae1 Bxd4+ 23. Qxd4 Ng7 24. e5 dxe5 25. Rxe5 Nce6 26. Qe3 Qb4 27. c3 Qa4 28. Bh3 Nc7 29. f5 Nd5 30. Qf3 Qxa5 31. c4 Qc3 32. Qxc3 Nxc3 33. Re7 h4 34. Nh1 b5 35. f6 Nh5 36. Bg4 b4 37. Rf3 Rfe8 38. Bd7 Red8 39. Nf2 Nf4 40. Ng4 Nfe2+ 41. Kf1 Rf8 42. Nh6+ 1-0

[Event "Open A"]
[Site "Cortina d'Ampezzo"]
[Date "2005.07.13"]
[Round "5.15"]
[White "Alberton, Roberto"]
[Black "Ricci, Alfredo"]
[Result "1-0"]
[WhiteElo "2108"]
[BlackElo "2015"]
[PlyCount "49"]
[EventDate "2005.07.10"]
[EventType "swiss"]
[EventRounds "9"]
[EventCountry "ITA"]

1. d4 Nf6 2. Bg5 d5 3. Bxf6 gxf6 4. Nf3 c5 5. c3 Qb6 6. Qb3 Nc6 7. dxc5 Qxc5 8. e3 e5 9. Nbd2 a6 10. e4 Be6 11. exd5 Bxd5 12. Qa4 b5 13. Qh4 Bg7 14. Ne4 Qe7 15. Qg4 Rg8 16. Nh4 Kf8 17. Nf5 Qa7 18. Bd3 Be6 19. Neg3 Ke8 20. Nxg7+ Kd7 21. Bf5 Rae8 22. Qd1+ Ke7 23. Nxe8 Kxe8 24. Bxe6 fxe6 25. Qd6 1-0

[Event "Open A"]
[Site "Cortina d'Ampezzo"]
[Date "2005.07.13"]
[Round "5.3"]
[White "Qendro, Llambi"]
[Black "Mrdja, Milan"]
[Result "1-0"]
[WhiteElo "2357"]
[BlackElo "2352"]
[Annotator "Ballarin,Gabriele"]
[PlyCount "33"]
[EventDate "2005.07.10"]
[EventType "swiss"]
[EventRounds "9"]
[EventCountry "ITA"]

1. d4 g6 2. c4 Bg7 3. Nc3 c5 4. d5 Bxc3+ 5. bxc3 f5 6. h4 Nf6 7. h5 Rg8 8. hxg6 hxg6 9. Nf3 Qa5 10. Qc2 d6 11. Bg5 Nbd7 12. Nd2 Nb6 13. e4 Bd7 14. e5 dxe5 15. d6 Be6 16. dxe7 Nbd7 17. O-O-O {Nur} 1-0

[Event "Open A"]
[Site "Cortina d'Ampezzo"]
[Date "2005.07.15"]
[Round "7.7"]
[White "Calzetta Ruiz, Monica"]
[Black "Genocchio, Daniele"]
[Result "0-1"]
[WhiteElo "2282"]
[BlackElo "2306"]
[PlyCount "36"]
[EventDate "2005.07.10"]
[EventType "swiss"]
[EventRounds "9"]
[EventCountry "ITA"]

1. e4 g6 2. d4 Bg7 3. Nc3 d6 4. Be3 a6 5. Nf3 b5 6. Bd3 Bb7 7. e5 Nh6 8. Qe2 Nf5 9. Bxf5 gxf5 10. e6 fxe6 11. Ng5 Kd7 12. Nf7 Qf8 13. Nxh8 b4 14. Qh5 bxc3 15. Nf7 cxb2 16. Rb1 f4 17. Rxb2 Bd5 18. c4 Bxc4 0-1

[Event "Open A"]
[Site "Cortina d'Ampezzo"]
[Date "2005.07.15"]
[Round "7.16"]
[White "Maneschi, Giuseppe"]
[Black "Cardili, Mariano"]
[Result "1/2-1/2"]
[WhiteElo "2086"]
[BlackElo "2076"]
[PlyCount "50"]
[EventDate "2005.07.10"]
[EventType "swiss"]
[EventRounds "9"]
[EventCountry "ITA"]

1. d4 d5 2. Nf3 Nf6 3. e3 e6 4. Bd3 c5 5. c3 Nc6 6. Nbd2 Bd6 7. O-O O-O 8. dxc5 Bxc5 9. e4 Qc7 10. Qe2 h6 11. Bc2 dxe4 12. Nxe4 Nxe4 13. Qxe4 f5 14. Qc4 Bd6 15. Re1 Ne5 16. Nxe5 Bxe5 17. Qxc7 Bxc7 18. b4 Bd7 19. Bb3 Rfe8 20. Bb2 Kf7 21. Rad1 Rad8 22. c4 Bc8 23. Ba4 Rh8 24. c5 Rxd1 25. Rxd1 Rd8 1/2-1/2

[Event "Open A"]
[Site "Cortina d'Ampezzo"]
[Date "2005.07.15"]
[Round "7.10"]
[White "Lava, Giovanni"]
[Black "Dvirnyy, Danyyil"]
[Result "0-1"]
[WhiteElo "2257"]
[BlackElo "2141"]
[PlyCount "79"]
[EventDate "2005.07.10"]
[EventType "swiss"]
[EventRounds "9"]
[EventCountry "ITA"]

1. d4 Nf6 2. g3 g6 3. Bg2 Bg7 4. e4 d6 5. Nc3 O-O 6. Nge2 c6 7. a4 e5 8. h3 Re8 9. O-O exd4 10. Nxd4 Qb6 11. Nb3 Qc7 12. Bf4 Bf8 13. g4 Nbd7 14. a5 Ne5 15. Bg3 Bg7 16. Nd2 g5 17. f4 gxf4 18. Rxf4 Qe7 19. Bh4 Ng6 20. Bxf6 Bxf6 21. Rf1 Be5 22. Nc4 Be6 23. Nxe5 dxe5 24. Qf3 Rad8 25. Qf2 Rd4 26. Nd1 Qh4 27. c3 Qxf2+ 28. Rxf2 Rd7 29. Ne3 Red8 30. Nf1 Nf4 31. Kh2 Rd3 32. Rf3 h5 33. gxh5 Rxf3 34. Bxf3 Bxh3 35. Kg1 Bxf1 36. Kxf1 Rd2 37. Rb1 Kg7 38. Ke1 Rxb2 39. Rxb2 Nd3+ 40. Kd2 0-1

[Event "Open A"]
[Site "Cortina d'Ampezzo"]
[Date "2005.07.15"]
[Round "7.6"]
[White "Scerbo, Antonio"]
[Black "Dragojlovic, Andjelko"]
[Result "1/2-1/2"]
[WhiteElo "2113"]
[BlackElo "2320"]
[PlyCount "71"]
[EventDate "2005.07.10"]
[EventType "swiss"]
[EventRounds "9"]
[EventCountry "ITA"]

1. d4 Nf6 2. c4 g6 3. Nc3 d5 4. cxd5 Nxd5 5. e4 Nxc3 6. bxc3 Bg7 7. Be3 c5 8. Qd2 Qa5 9. Rb1 cxd4 10. cxd4 Qxd2+ 11. Kxd2 O-O 12. Bc4 Rd8 13. Nf3 Nc6 14. Bd5 Nxd4 15. Nxd4 e6 16. Bxb7 Bxb7 17. Rxb7 Bxd4 18. Bxd4 Rxd4+ 19. Ke3 Ra4 20. Rd1 a5 21. Rdd7 Ra3+ 22. Kd4 Rf8 23. Rb2 h5 24. f4 h4 25. f5 exf5 26. exf5 Ra4+ 27. Ke5 Re8+ 28. Kf6 Rf4 29. Rb5 Re6+ 30. Kg5 Rxf5+ 31. Rxf5 gxf5 32. Rd2 Re4 33. Kxf5 Rb4 34. Kf6 Rf4+ 35. Kg5 Rb4 36. Kf6 1/2-1/2

[Event "Open A"]
[Site "Cortina d'Ampezzo"]
[Date "2005.07.15"]
[Round "7.3"]
[White "Drazic, Sinisa"]
[Black "Mazzilli, Piero"]
[Result "1-0"]
[WhiteElo "2497"]
[BlackElo "2341"]
[Annotator "Ballarin,Gabriele"]
[PlyCount "68"]
[EventDate "2005.07.10"]
[EventType "swiss"]
[EventRounds "9"]
[EventCountry "ITA"]

1. d4 d5 2. Bg5 h6 3. Bh4 c6 4. e3 Qb6 5. Qc1 Bf5 6. Nf3 Nd7 7. Be2 e6 8. O-O Be7 9. Bg3 Ngf6 10. h3 c5 11. c3 O-O 12. Nbd2 Rfe8 13. Bd1 Bd6 14. Bxd6 Qxd6 15. Bc2 Bxc2 16. Qxc2 e5 {=} 17. dxe5 Nxe5 18. Rfd1 Nxf3+ 19. Nxf3 Qc6 20. a4 a5 21. c4 Rad8 22. b3 Rd6 23. cxd5 Nxd5 24. Rac1 b6 25. Nd4 Qc8 26. Nf5 Rdd8 27. e4 Nb4 28. Qc3 Rxd1+ 29. Rxd1 f6 30. Qg3 Qb7 31. Qg4 Rxe4 32. Qg6 Rd4 33. Re1 Rd8 34. Re7 Rd1+ 1-0

[Event "Open A"]
[Site "Cortina d'Ampezzo"]
[Date "2005.07.15"]
[Round "7.5"]
[White "Guido, Flavio"]
[Black "Mrdja, Milan"]
[Result "1-0"]
[WhiteElo "2305"]
[BlackElo "2352"]
[PlyCount "79"]
[EventDate "2005.07.10"]
[EventType "swiss"]
[EventRounds "9"]
[EventCountry "ITA"]

1. e4 g6 2. d4 Bg7 3. Nc3 d6 4. Be3 a6 5. a4 b6 6. Nf3 e6 7. Qd2 h6 8. Bd3 Bb7 9. O-O Nd7 10. Rfe1 Ne7 11. h3 Nf6 12. Nh2 d5 13. e5 Ne4 14. Bxe4 dxe4 15. Bf4 Nf5 16. Rad1 g5 17. Bg3 e3 18. Qe2 Qe7 19. Nf1 exf2+ 20. Bxf2 O-O-O 21. a5 b5 22. Ne4 Qe8 23. c4 Bf8 24. d5 bxc4 25. g4 Nh4 26. d6 Qc6 27. Rc1 Qd5 28. Bxh4 gxh4 29. Rxc4 Qxe5 30. Rxc7+ Kb8 31. Nc5 Qd4+ 32. Ne3 Rxd6 33. Rxb7+ Kc8 34. b4 Rc6 35. Rb6 Rxc5 36. bxc5 Bxc5 37. Qxa6+ Kd8 38. Rb8+ Ke7 39. Rxh8 Qxh8 40. Qb7+ 1-0

[Event "Open A"]
[Site "Cortina d'Ampezzo"]
[Date "2005.07.15"]
[Round "7.9"]
[White "Ventura, Sergio"]
[Black "Estremera Panos, Sergio"]
[Result "0-1"]
[WhiteElo "2153"]
[BlackElo "2367"]
[PlyCount "84"]
[EventDate "2005.07.10"]
[EventType "swiss"]
[EventRounds "9"]
[EventCountry "ITA"]

1. c4 Nf6 2. Nc3 e5 3. Nf3 Nc6 4. e3 Bb4 5. Qc2 Bxc3 6. Qxc3 Qe7 7. a3 d5 8. d4 exd4 9. Nxd4 Nxd4 10. Qxd4 c5 11. Qh4 d4 12. Bd3 O-O 13. Bxh7+ Kh8 14. Bd3+ Kg8 15. O-O Qd7 16. exd4 Qxd4 17. Qxd4 cxd4 18. Re1 Be6 19. Bf4 a5 20. h3 a4 21. Be5 Rfd8 22. f4 Rac8 23. Rac1 Nd7 24. Bxd4 Nb8 25. Red1 Rxd4 26. Bh7+ Kxh7 27. Rxd4 Nc6 28. Rd6 Na5 29. c5 b5 30. Rb6 Bc4 31. f5 Nb3 32. Re1 Nxc5 33. g4 Nd3 34. Re7 Nf4 35. Re5 Rd8 36. Kh2 Rd3 37. Re8 Rxh3+ 38. Kg1 Rg3+ 39. Kf2 Rxg4 40. Kf3 Nd5 41. Rbb8 Rf4+ 42. Kg3 Rxf5 0-1

[Event "Open A"]
[Site "Cortina d'Ampezzo"]
[Date "2005.07.15"]
[Round "7.4"]
[White "Braghetta, Sergio"]
[Black "Molina, Fabrizio"]
[Result "1-0"]
[WhiteElo "2264"]
[BlackElo "2268"]
[PlyCount "73"]
[EventDate "2005.07.10"]
[EventType "swiss"]
[EventRounds "9"]
[EventCountry "ITA"]

1. e4 e6 2. d4 d5 3. Nc3 dxe4 4. Nxe4 Bd7 5. Nf3 Bc6 6. Bd3 Nd7 7. O-O Ngf6 8. Ned2 Be7 9. c4 b6 10. b3 Bb7 11. Bb2 c5 12. Qe2 O-O 13. Rad1 Re8 14. Bb1 Qc7 15. Ne5 cxd4 16. Bxd4 Nf8 17. Ndf3 N6d7 18. Rfe1 Rad8 19. Be4 f6 20. Nxd7 Rxd7 21. Bc3 Red8 22. Rxd7 Rxd7 23. Nd4 Bxe4 24. Qxe4 e5 25. Nf5 Ng6 26. g3 Bf8 27. h4 Qd8 28. h5 Ne7 29. Ne3 Nc8 30. Nd5 b5 31. Rd1 bxc4 32. bxc4 Nb6 33. Ba5 Qc8 34. Bxb6 axb6 35. Nxf6+ gxf6 36. Qg4+ Kh8 37. Rxd7 1-0

[Event "Open A"]
[Site "Cortina d'Ampezzo"]
[Date "2005.07.15"]
[Round "7.12"]
[White "Napoli, Nicolo"]
[Black "Boscolo, Marco"]
[Result "1-0"]
[WhiteElo "2225"]
[BlackElo "2006"]
[PlyCount "95"]
[EventDate "2005.07.10"]
[EventType "swiss"]
[EventRounds "9"]
[EventCountry "ITA"]

1. d4 Nf6 2. Nc3 d5 3. Bg5 e6 4. e4 dxe4 5. Nxe4 Nbd7 6. Nf3 Be7 7. Bxf6 Nxf6 8. Bd3 O-O 9. Qe2 Nd5 10. Qd2 b6 11. O-O Bb7 12. Rfe1 Nf6 13. Rad1 Nxe4 14. Bxe4 Bxe4 15. Rxe4 Bf6 16. Qe2 Qd5 17. c4 Qa5 18. b3 Rad8 19. g4 c5 20. d5 exd5 21. cxd5 Bd4 22. Nxd4 cxd4 23. Rexd4 Rfe8 24. Qd2 Qb5 25. Re1 Rxe1+ 26. Qxe1 Qc5 27. Qe4 h5 28. h3 hxg4 29. hxg4 Qd6 30. Rd3 Qf6 31. Kg2 Qd6 32. b4 a6 33. Qc4 Qe5 34. Qd4 Qd6 35. a3 Rc8 36. Qe3 Rd8 37. Qg3 Qg6 38. Rd4 Rd6 39. Qe5 Rd8 40. d6 Qe6 41. Qxe6 fxe6 42. Kf3 Kf8 43. Ke4 Ke8 44. Ke5 Kd7 45. Rc4 Rf8 46. Rc7+ Kd8 47. f4 Rh8 48. Rxg7 1-0